Vista normal
Vista MARC
Entrada Materia (personas)
Número de registros utilizados en: 1
001 - CONTROL NUMBER
- control field: 62907
003 - CONTROL NUMBER IDENTIFIER
- control field: Co-BoUCM
005 - DATE AND TIME OF LATEST TRANSACTION
- control field: 20140711151649.0
008 - FIXED-LENGTH DATA ELEMENTS
- fixed length control field: 140711|| aca||aabn | a|a d
040 ## - CATALOGING SOURCE
- Original cataloging agency: Co-BoUCM
- Transcribing agency: Co-BoUCM
100 ## - HEADING--PERSONAL NAME
- Personal name: Thomas, John W.
670 ## - SOURCE DATA FOUND
- Source citation: Work cat.: (Co-BoUCM)273740: Grindle, Merilee S. 62906, Public choices and policy change, 1991